000 00270nam a2200121 a 4500
008 100917s1974|||| d
245 1 0 _aKrútňava
100 1 _aGerasimov, Josif
260 _bSmena
_aBratislava
_c1974
020 _c20
044 _axo
_cSK
041 _aslo
999 _c10481
_d10481